[Event "FIDE Chesscom Grand Swiss 2019"]
[Site "Douglas-Isle of Man"]
[Date "2019.10.20"]
[Round "10.5"]
[White "Bacrot, Etienne"]
[Black "Akobian, Varuzhan"]
[Result "1/2-1/2"]
[WhiteElo "2671"]
[BlackElo "2625"]
[Annotator "TA"]
[PlyCount "92"]
[EventDate "2019.10.10"]
[EventType "swiss"]
[EventCountry "GBR"]
[SourceTitle "playchess.com"]
[Source "ChessBase"]
[SourceQuality "1"]

{[%evp 10,92,12,0,0,0,0,0,0,0,0,0,4,13,8,0,6,3,7,6,4,0,14,0,4,2,5,5,5,3,6,8,10,-45,-37,-16,-16,-15,-6,-3,-3,-50,-60,-49,-31,-36,-32,-50,-30,-27,-25,-26,-11,-30,-32,-44,-36,-58,0,-38,0,-47,0,0,0,0,0,0,0,0,0,0,0,-1,0,0,8,8,5,5,8,8,8,8,12]} 1. e4 e6 2. d4 d5 3. exd5 exd5 4. Nf3 Nf6 5. Bd3 Bd6 6. Qe2+ Be6 {C01: French: Exchange Variation} 7. Ng5 Qe7 8. Nxe6 fxe6 9. c3 (9. Nd2 Nc6 10. Nf3 O-O 11. c3 e5 12. dxe5 Nxe5 13. Nxe5 Bxe5 14. f4 {½-½ (30) Bacrot,E (2671)-Abasov,N (2632) Linares 2019}) 9... O-O $146 ({Predecessor:} 9... e5 10. dxe5 Qxe5 11. Qxe5+ Bxe5 12. O-O {½-½ (34) Azevedo,P (2021)-Conde Poderoso,A (2333) ICCF email 2016}) 10. O-O e5 11. dxe5 Qxe5 12. Qxe5 Bxe5 13. Nd2 Nbd7 14. Nf3 Bd6 15. Re1 c6 16. a4 Ng4 17. h3 Nge5 18. Nxe5 Nxe5 19. Bf1 Nd7 20. Be3 Bc5 21. c4 (21. Bxc5 $11 Nxc5 22. a5) 21... d4 $15 22. Bd2 a5 $36 {[%mdl 2048] Black fights for an advantage.} 23. Rad1 d3 24. Be3 Bb4 25. Bxd3 (25. Bd2 {looks sharper.} Nc5 26. Bxb4 axb4 27. Re5 b6 28. Bxd3 Rad8 29. Be2) 25... Bxe1 26. Rxe1 Ne5 27. Be2 Rfe8 28. Rc1 Rad8 29. Rc3 Nf7 30. Rc2 Re5 31. Bf4 Re7 32. Be3 Rde8 33. Rd2 Rd8 {[#] Strongly threatening ...Rxd2.} 34. Rc2 $1 Rde8 35. Rd2 Rxe3 36. fxe3 {The position is equal.} Rxe3 {[%mdl 4096] Endgame KRB-KRN} 37. Kf2 Re7 38. h4 Kf8 39. Rd4 Ke8 40. Bg4 Ne5 {...c5 is the strong threat.} 41. Bh3 c5 42. Rd5 Nxc4 43. Rxc5 Nxb2 {[#] aiming for ...Nd3+.} 44. Rxa5 Re4 45. Rb5 Nxa4 46. Rxb7 Rxh4 {Accuracy: White = 69%, Black = 67%.} 1/2-1/2

[Event "FIDE Chesscom Grand Swiss 2019"]
[Site "Douglas-Isle of Man"]
[Date "2019.10.20"]
[Round "10.6"]
[White "Howell, David W L"]
[Black "Grischuk, Alexander"]
[Result "1-0"]
[WhiteElo "2694"]
[BlackElo "2759"]
[Annotator "TA"]
[PlyCount "77"]
[EventDate "2019.10.10"]
[EventType "swiss"]
[EventCountry "GBR"]
[SourceTitle "playchess.com"]
[Source "ChessBase"]
[SourceQuality "1"]

{[%evp 17,77,50,20,18,20,0,19,13,12,10,21,18,21,15,29,16,12,0,0,0,0,6,24,0,36,0,0,0,102,115,141,137,134,150,199,201,201,196,363,363,387,258,296,270,281,284,285,239,351,344,347,339,355,345,308,281,375,354,511,395,431,439]} 1. Nf3 Nf6 2. c4 b6 3. g3 c5 4. Bg2 Bb7 5. O-O e6 6. Nc3 Be7 7. d4 cxd4 8. Qxd4 O-O 9. Rd1 Qc8 10. Bf4 {A30: Symmetrical English: Double Fianchetto and Hedgehog} Rd8 11. Nb5 d5 12. cxd5 $146 {The position is equal.} ({Predecessor:} 12. Ne5 Na6 13. Rac1 Bc5 14. Qd3 Ne4 15. Bxe4 dxe4 16. Qxd8+ Qxd8 17. Rxd8+ Rxd8 18. Nxa7 {1-0 (31) So,W (2770)-Fressinet,L (2687) Paris 2016}) 12... Rxd5 13. Qa4 {Threatening Nc7.} Na6 {[%cal Bb8a6,Ba6c5,Bc5e4][%mdl 32]} 14. Nd6 Bxd6 15. Bxd6 Nc5 16. Qa3 Nce4 17. Rdc1 $36 {[%mdl 2048] White is more active.} Qe8 18. Bb4 a5 19. Be1 Rad8 20. Rc2 h6 21. Rac1 (21. Nd2 $5 Rd4 22. Nc4 $11) 21... Rd1 22. Qb3 R1d6 {[#]} (22... Rxc1 $11 {remains equal.} 23. Rxc1 Nd7) 23. Ne5 $1 $16 a4 24. Qb4 Ba8 25. Nc4 Rd4 {...b5 is the strong threat.} 26. Qxb6 e5 27. Qc7 Nd7 $2 (27... Bd5 28. Nxe5 Bxa2) 28. f3 $18 Nec5 29. Bf2 Ne6 30. Qa7 Rd5 31. Qxa4 Nd4 {intending ...Bc6.} 32. Rd2 Qe6 (32... Bc6 {was called for.} 33. Qb4 Bb5 34. Bxd4 exd4) 33. e4 Rc5 {[#] White must now prevent ...Nb6.} 34. Bxd4 exd4 35. Rxd4 Bc6 36. Qd1 Rb8 37. b3 h5 (37... Bb5 {might work better.} 38. Rd6 Qe8) 38. h4 Qe7 39. Nd6 {Accuracy: White = 73%, Black = 38%.} 1-0

[Event "FIDE Chesscom Grand Swiss 2019"]
[Site "Douglas-Isle of Man"]
[Date "2019.10.20"]
[Round "10.7"]
[White "Vitiugov, Nikita"]
[Black "Rakhmanov, Aleksandr"]
[Result "1-0"]
[WhiteElo "2732"]
[BlackElo "2621"]
[Annotator "TA"]
[PlyCount "83"]
[EventDate "2019.10.10"]
[EventType "swiss"]
[EventCountry "GBR"]
[SourceTitle "playchess.com"]
[Source "ChessBase"]
[SourceQuality "1"]

{[%evp 9,83,-5,16,14,12,17,37,31,37,37,37,41,37,29,35,26,31,23,22,19,19,19,24,19,36,46,33,8,10,0,17,16,7,11,17,19,18,14,16,18,56,64,54,67,66,50,109,109,844,837,863,864,847,851,868,860,849,832,779,795,29985,29986,29990,29989,29989,29990,29990,29991,29993,29987,29986,1162,1084,1070,864,672]} 1. d4 d5 2. c4 e6 3. Nf3 a6 4. c5 (4. e3 Nf6 5. Nc3 dxc4 6. Bxc4 b5 7. Be2 Bb7 8. O-O Nbd7 9. b3 c5 10. Bb2 Be7 11. Rc1 O-O 12. Qc2 Rc8 13. Qb1 Qb6 14. Rfd1 Rfd8 15. h3 h6 16. dxc5 Nxc5 17. Rxd8+ Rxd8 {0-1 (59) Mamedyarov,S (2817)-Carlsen,M (2835) St Petersburg 2018}) 4... b6 5. cxb6 cxb6 6. Bf4 {D30: Queen's Gambit Declined: Systems without Nc3} Bb7 7. e3 Nd7 $146 ({Predecessor:} 7... Nf6 8. Nbd2 Bd6 9. Bxd6 Qxd6 10. Bd3 Nbd7 11. O-O O-O {0-1 (49) Acosta Sosa,J (2301)-Lopez Martinez,J (2589) Linares 2017}) 8. Bd3 {White is slightly better.} Ngf6 9. h3 Bb4+ 10. Nc3 O-O 11. Qb3 Qe7 12. O-O Bd6 13. a4 Rfc8 14. Rfe1 h6 15. Rac1 Rab8 16. Rc2 Nh5 17. Bxd6 Qxd6 18. e4 dxe4 19. Bxe4 Qf8 20. Bxb7 Rxb7 21. d5 Nf4 {White should prevent ...Nc5.} 22. dxe6 Nxe6 23. Nd5 {Threatens to win with Rxc8.} Ndc5 24. Qc4 {White wants to play b4.} b5 25. axb5 axb5 26. Qg4 Rd8 27. Rd2 Nd7 (27... f5 $14 28. Qg6 Qf7 29. Qxf7+ Kxf7) 28. Nh4 $36 {[%mdl 2048] Hoping for Rxe6. White is on the roll.} Ra7 $2 {[%mdl 8192]} (28... Re8 $16 29. Rde2 Ra7) 29. Rxe6 $18 fxe6 30. Qxe6+ Kh7 31. Qe4+ g6 32. Nxg6 Qg7 33. Nge7+ Kh8 34. Nf4 Qf6 35. Nh5 Qg5 36. Rd5 Qc1+ 37. Kh2 Qc7+ 38. f4 Qb6 39. Ng6+ Kg8 {[#]} 40. Qe7 (40. Rxb5 $142 $1 {[%mdl 512]} Qf6 (40... Qxb5 41. Qe6+) 41. Ne7+ Kf8 42. Nxf6 Nxf6 {[#]} 43. Qg6 $1 {[%mdl 576] Double Attack} Ra6 44. Nf5 Ne8 45. Qxa6) 40... Qxg6 41. Qxd8+ Nf8 42. Rxb5 {Accuracy: White = 83%, Black = 48%.} 1-0

[Event "FIDE Chesscom Grand Swiss 2019"]
[Site "Douglas-Isle of Man"]
[Date "2019.10.20"]
[Round "10.7"]
[White "Sjugirov, Sanan"]
[Black "Vocaturo, Daniele"]
[Result "1-0"]
[WhiteElo "2662"]
[BlackElo "2620"]
[Annotator "TA"]
[PlyCount "113"]
[EventDate "2019.10.10"]
[EventType "swiss"]
[EventCountry "GBR"]
[SourceTitle "playchess.com"]
[Source "ChessBase"]
[SourceQuality "1"]

{[%evp 13,113,29,20,25,21,17,19,21,48,31,25,25,25,10,25,19,39,23,21,7,20,8,19,10,18,18,10,0,0,0,18,20,87,81,77,79,77,81,85,77,79,54,56,35,35,35,21,21,36,8,21,21,21,21,21,21,29,29,57,36,57,57,57,57,62,57,57,59,231,231,231,224,205,200,2275,1595,1552,1260,29955,29954,10893,6099,1694,1099,29963,29960,29961,29962,29967,29971,29970,29971,29975,29976,29979,29980,29982,29983,29985,29986,29986,29987]} 1. d4 ({Predecessor:} 1. c4 Nf6 {½-½ (30) Lei,T (2482)-Ding,Y (2423) Wuxi 2017}) 1... Nf6 2. c4 e6 3. Nf3 d5 4. Nc3 c5 5. cxd5 cxd4 6. Qxd4 exd5 7. e4 Nc6 8. Bb5 {[%cal Re4d5] D41: Queen's Gambit Declined: Semi-Tarrasch with 5 cxd5} dxe4 9. Qxd8+ Kxd8 10. Ng5 {[%mdl 64] Double Attack. The position is equal.} Be6 11. Bxc6 $146 (11. O-O {is interesting.} Bb4 12. Ncxe4 Nxe4 13. Nxe4 Ke7 14. a3) (11. O-O Bb4 12. Ncxe4 Nxe4 13. Nxe4 Ke7 14. Bxc6 bxc6 15. Be3 Bd5 {1-0 (51) Mamedyarov,S (2808)-So,W (2778) Paris 2018}) 11... bxc6 12. Nxe6+ fxe6 13. Ke2 Bb4 14. Na4 Kc7 15. Be3 Nd5 16. Rac1 Nxe3 17. fxe3 Rad8 {Threatens to win with ...Rd2+.} 18. Rc2 Rd5 19. a3 Ra5 20. axb4 Rxa4 $11 {[%mdl 4096] Endgame KRR-KRR} 21. b5 Rb4 22. bxc6 Rc8 {[#]} (22... Rb6 $11 {keeps the balance.}) 23. Rd1 $1 $16 Kb6 24. Rd6 Rc7 25. Rxe6 a5 26. h4 h5 27. Kd2 Rb5 $1 28. Rg6 Rd5+ 29. Ke2 Rc5 30. Rxc5 Kxc5 $11 {KR-KR} 31. Kd2 Kc4 32. Kc2 a4 $1 33. g3 Rc8 34. Rd6 Kc5 35. Rd4 {Strongly threatening Kc3.} Rxc6 36. Rxe4 Rg6 37. Rxa4 {Black must now prevent Ra5+.} Rxg3 38. Kd3 Rg2 39. b4+ Kb6 40. Ra5 Rg4 $2 ({Better is} 40... g6 $1 $14) 41. Rxh5 $18 Rxb4 42. e4 Rb3+ 43. Kc4 Rh3 $2 (43... Rb1 44. Rg5 Rc1+ 45. Kd5 Rc5+ 46. Ke6 Rc7) 44. Kd5 Kc7 45. Rh7 Rd3+ 46. Ke6 Rd6+ 47. Kf5 Rf6+ 48. Ke5 Rf7 {[#]} 49. Ke6 $1 {White mates.} Rf6+ 50. Ke7 Ra6 51. e5 Kc6 52. Rxg7 Kd5 53. Rg5 Rh6 54. e6+ Kc6 55. h5 Rh7+ 56. Kf6 Kd6 {[#]} 57. e7 $1 {Accuracy: White = 73%, Black = 51%.} 1-0

[Event "FIDE Chesscom Grand Swiss 2019"]
[Site "Douglas-Isle of Man"]
[Date "2019.10.20"]
[Round "10.8"]
[White "Le, Quang Liem"]
[Black "Maghsoodloo, Parham"]
[Result "1-0"]
[WhiteElo "2708"]
[BlackElo "2664"]
[Annotator "TA"]
[PlyCount "69"]
[EventDate "2019.10.10"]
[EventType "swiss"]
[EventCountry "GBR"]
[SourceTitle "playchess.com"]
[Source "ChessBase"]
[SourceQuality "1"]

{[%evp 9,69,-3,0,0,0,0,0,0,0,0,12,11,6,1,10,5,16,0,10,12,10,0,0,-16,0,0,7,0,0,9,36,24,94,96,111,94,120,77,245,243,379,381,920,874,870,856,1181,1169,1031,916,1198,1198,1197,1004,29989,29990,29990,0,29991,29992,29992,380]} 1. d4 Nf6 2. c4 e6 3. Nc3 Bb4 4. e3 O-O 5. Nge2 c6 (5... d5 6. a3 Bd6 7. c5 Be7 8. Ng3 c6 9. Bd2 b6 10. b4 Nbd7 11. Be2 a5 12. O-O Ba6 13. Qc2 Qc7 14. h3 Ra7 15. Rab1 axb4 16. axb4 {½-½ (57) Yu,Y (2736)-Grischuk,A (2766) Riga 2019}) 6. a3 {E46: Nimzo-Indian: Rubinstein: 4 e3 0-0 5 Ne2 without early Bd3} Ba5 7. Ng3 d5 8. Bd2 {The position is equal.} Nbd7 9. Be2 dxc4 10. Bxc4 e5 11. Nce2 h5 $146 ({Predecessor:} 11... exd4 12. Bxa5 Qxa5+ 13. b4 {½-½ (48) Deglmann,L (2304)-Zorko,J (2463) Austria 2016}) 12. Bxa5 Qxa5+ 13. b4 Qc7 14. Qc2 Re8 15. Rd1 a5 16. O-O ({Of course not} 16. Qg6 Nb6 $17) 16... axb4 17. axb4 Nb6 18. Bb3 h4 19. Ne4 Nbd5 20. h3 Nxe4 (20... Qe7 $11) 21. Qxe4 $16 Nxb4 22. dxe5 c5 23. Nf4 Ra3 $2 (23... Qc6 $16 24. Qc4 Be6 25. Nxe6 {[%mdl 64] Discovered Attack} Qxe6) 24. Bc4 $18 Qc6 {[#]} (24... Nc6 $142 25. Bd3 Rxd3 26. Nxd3 b5 27. Nxc5 Rxe5) 25. Qb1 $1 {aiming for Rd6.} b5 $2 {[#]} (25... Qh6 26. Rd6 Qg5) 26. Bxf7+ $1 {[%mdl 512]} Kxf7 27. Rd6 Qc7 28. Qg6+ Kf8 29. Qh5 {Threatens to win with Ng6+.} Ra6 30. Rfd1 Rxd6 31. Rxd6 {White wants to mate with Ng6+.} Nc6 32. Ng6+ {[%mdl 64] Double Attack} Kg8 33. Qh8+ Kf7 {[#]} 34. Rf6+ $1 {[%mdl 512]} gxf6 35. Qxf6+ $2 {Accuracy: White = 81%, Black = 37%.} (35. Qh7+ {mates} Ke6 36. Nf4+ Kxe5 37. Qxc7+ Ke4 38. Qxc6+ {[%mdl 64] Double Attack} Kf5 39. Qxe8 Be6 40. Qxe6+ Kg5 41. Qg8+ Kh6 42. Qg6#) 1-0

[Event "FIDE Chesscom Grand Swiss 2019"]
[Site "Douglas-Isle of Man"]
[Date "2019.10.20"]
[Round "10.8"]
[White "Ganguly, Surya Shekhar"]
[Black "Erdos, Viktor"]
[Result "1/2-1/2"]
[WhiteElo "2658"]
[BlackElo "2604"]
[Annotator "TA"]
[PlyCount "85"]
[EventDate "2019.10.10"]
[EventType "swiss"]
[EventCountry "GBR"]
[SourceTitle "playchess.com"]
[Source "ChessBase"]
[SourceQuality "1"]

{[%evp 9,85,16,23,27,22,20,25,20,30,29,16,-5,13,0,20,0,0,-25,15,0,11,8,89,57,55,65,59,31,44,0,31,0,0,0,2,0,0,0,0,0,0,0,17,17,50,0,0,0,0,0,0,0,0,0,0,0,0,0,31,15,33,-16,-22,-36,0,0,0,0,0,0,0,0,0,0,0,0,0,0]} 1. c4 e5 2. g3 Nc6 3. Bg2 Bc5 4. Nc3 d6 5. e3 a6 6. Nge2 {A25: English Opening vs King's Indian with ...Nc6 but without early d3} Ba7 7. d4 h5 8. b3 {White has an edge.} h4 9. Bb2 Nf6 10. Qd3 $146 ({Predecessor:} 10. Qd2 Bd7 11. h3 hxg3 12. fxg3 {0-1 (49) Lin,D (2240)-Sevian,S (2624) Philadelphia 2018}) 10... Nb4 11. Qb1 Nc6 {[%cal Re5d4]} 12. Qd3 Nb4 13. Qb1 Nc6 {[%cal Re5d4]} 14. dxe5 Nxe5 15. h3 Rb8 (15... hxg3 $11 16. Nxg3 Nh5) 16. g4 b5 17. cxb5 axb5 18. f4 b4 19. Nd5 Ned7 $1 20. Nd4 Bxd4 $1 21. Bxd4 c5 $132 {[%mdl 2048] Black puts up resistance} 22. Bb2 Bb7 23. Qf5 Nxd5 24. Bxd5 {[%csl Gd5][%cal Rf5f7] [#]} Qe7 {...g6 is the strong threat.} 25. O-O-O {Threatens to win with Bxb7.} Bxd5 26. Qxd5 O-O 27. Qxd6 Qxe3+ 28. Kb1 Qe4+ 29. Qd3 Nf6 30. Bxf6 Qxd3+ 31. Rxd3 gxf6 $11 {[%mdl 4096] Endgame KRR-KRR} 32. Rd5 Rfe8 33. Rxc5 Rbd8 34. g5 Kg7 35. Rf5 Re2 36. Rxf6 Ra8 37. Rc1 {[#] And now Rc7 would win.The position is equal.} Raxa2 {[%csl Ga2][%cal Re2b2]} 38. Rc7 Reb2+ 39. Kc1 Rh2 {[%cal Rh2h1]} 40. Kb1 Rhb2+ 41. Kc1 Rh2 {[%cal Rh2h1]} 42. Rfxf7+ Kg8 {[%cal Rh2h1]} 43. Rg7+ {Accuracy: White = 45%, Black = 69%.} 1/2-1/2

[Event "FIDE Chesscom Grand Swiss 2019"]
[Site "Douglas-Isle of Man"]
[Date "2019.10.20"]
[Round "10.9"]
[White "So, Wesley"]
[Black "Robson, Ray"]
[Result "1/2-1/2"]
[WhiteElo "2767"]
[BlackElo "2670"]
[Annotator "TA"]
[PlyCount "148"]
[EventDate "2019.10.10"]
[EventType "swiss"]
[EventCountry "GBR"]
[SourceTitle "playchess.com"]
[Source "ChessBase"]
[SourceQuality "1"]

{[%evp 9,148,17,14,15,20,16,35,13,29,27,22,10,18,29,24,12,18,12,20,11,17,14,25,15,24,16,18,18,18,16,17,13,10,8,8,4,28,14,16,0,0,0,1,0,29,18,12,2,18,18,18,0,0,0,0,0,25,35,37,0,0,0,0,0,0,0,0,0,0,0,0,0,0,0,0,0,0,0,0,0,0,0,0,0,0,0,0,0,0,0,0,0,0,0,0,0,0,0,0,0,0,0,0,0,0,0,0,0,0,0,0,0,0,0,0,0,0,0,0,0,0,0,0,0,0,0,0,0,0,0,0,0,0,0,0,0,0,0,0,0,0]} 1. d4 ({Predecessor:} 1. Nf3 d5 2. d4 Nf6 3. c4 {½-½ (60) Anton Guijarro,D (2630)-Dvirnyy,D (2561) Reykjavik 2015}) 1... d5 2. c4 c6 3. Nf3 Nf6 4. e3 Bg4 5. h3 Bh5 6. g4 {D11: Slav Defence: 3 Nf3 sidelines and 3...Nf6 4 e3 Bg4} Bg6 7. Ne5 e6 8. Nd2 {[%cal Bb1d2,Bd2c4,Bc4e5][%mdl 32] White is slightly better.} Nbd7 {Threatening ...Nxe5.} 9. h4 dxc4 $1 10. Nxg6 $146 (10. Bxc4 Nxe5 11. dxe5 Ne4 12. h5 Nxd2 13. Bxd2 Bd3 {½-½ (49) Shankland,S (2731)-Robson,R (2667) Saint Louis 2019}) 10... hxg6 11. g5 Nd5 12. Nxc4 Bb4+ 13. Bd2 Qe7 14. a3 Bxd2+ 15. Qxd2 N7b6 16. Ne5 Nd7 17. Nf3 e5 18. dxe5 Nxe5 19. Nxe5 Qxe5 20. O-O-O O-O-O 21. Qd4 Qxd4 22. Rxd4 Nb6 23. Bh3+ Kc7 24. Rhd1 Rxd4 25. Rxd4 $11 {[%mdl 4096] Endgame KRB-KRN} Nd5 26. Kd2 Kd6 27. b4 a6 28. a4 Ke7 29. a5 f5 30. gxf6+ gxf6 31. e4 Rxh4 32. Bc8 Rh8 33. Bxb7 {[%mdl 64] [#] Double Attack} Rb8 $1 34. exd5 Rxb7 {The position is equal.} 35. dxc6 $14 {KR-KR} Rc7 36. b5 axb5 37. Kc3 Rxc6+ 38. Kb4 Rc2 39. f3 {[#] And now a6 would win.} Rb2+ 40. Kc5 b4 41. a6 Ra2 42. Kb6 b3 43. Rb4 b2 44. a7 Kd6 45. Rb5 g5 46. Kb7 f5 $1 47. a8=Q Rxa8 48. Kxa8 $11 {KR-K3P} g4 49. f4 g3 $1 {[%cal Rg3g2]} 50. Rxb2 {Black must now prevent Rd2+. KR-KPP} Kd5 51. Re2 Kd4 52. Kb7 {Kc6 is the strong threat.} Kd3 53. Re1 {Strongly threatening Kc6.} Kd2 54. Re8 g2 55. Rg8 Ke3 56. Kc6 {White threatens Kd5 and mate.} Kxf4 57. Rxg2 {Threatening mate with Kd5. KR-KP} Ke3 58. Rg3+ Ke2 59. Kd5 {White wants to mate with Ra3.} f4 60. Rb3 f3 61. Ke4 {Intending Rb2+ and mate.} f2 62. Rb2+ Ke1 $1 63. Ke3 {[%cal Rb2b1]} f1=N+ {KR-KN} 64. Kd3 Ng3 65. Ra2 Nf1 66. Re2+ Kd1 67. Rf2 {[%cal Rf2f1]} Ke1 $1 68. Rf3 Nd2 69. Re3+ Kd1 70. Re6 Nf1 71. Re5 Ng3 72. Rg5 Nf1 73. Rg2 Ke1 74. Re2+ Kd1 {Accuracy: White = 76%, Black = 69%.} 1/2-1/2

[Event "FIDE Chesscom Grand Swiss 2019"]
[Site "Douglas-Isle of Man"]
[Date "2019.10.20"]
[Round "10.10"]
[White "Yu, Yangyi"]
[Black "Kryvoruchko, Yuriy"]
[Result "1/2-1/2"]
[WhiteElo "2763"]
[BlackElo "2669"]
[Annotator "TA"]
[PlyCount "88"]
[EventDate "2019.10.10"]
[EventType "swiss"]
[EventCountry "GBR"]
[SourceTitle "playchess.com"]
[Source "ChessBase"]
[SourceQuality "1"]

{[%evp 10,88,-6,-8,-9,-14,-3,-2,0,-8,-16,-18,-8,-18,-12,-28,0,0,0,-7,0,-11,-3,-10,-10,-10,-9,-11,-6,-10,-8,-13,-8,-8,-13,-14,-5,-5,10,0,11,0,0,0,0,0,0,0,12,0,0,0,0,0,0,0,25,0,0,0,0,0,0,0,0,0,0,0,0,0,0,0,0,0,0,0,0,0,0,0,0]} 1. c4 Nf6 2. Nc3 e5 3. g3 Bb4 4. e4 Nc6 5. Nge2 d6 6. Bg2 Bc5 {A25: English Opening vs King's Indian with ...Nc6 but without early d3} 7. h3 a6 8. d3 O-O 9. O-O b5 10. Kh2 Rb8 (10... bxc4 11. dxc4 Nd4 12. Qd3 a5 13. Be3 Nxe2 14. Qxe2 Nd7 15. Rad1 {½-½ (61) Klekowski,M (2506)-Wojtaszek,R (2724) Chorzow 2019}) 11. b3 Nd4 12. Be3 Re8 13. Nd5 $146 ({Predecessor:} 13. Qd2 Bd7 14. Nd5 bxc4 15. bxc4 Nxd5 16. cxd5 {½-½ (34) Allahverdiyev,A (2290)-Godjaev,G Baku 1996}) 13... Ne6 14. Qd2 c6 15. Nxf6+ Qxf6 16. f4 Bxe3 17. Qxe3 c5 18. Rad1 Bb7 19. Qd2 exf4 20. gxf4 Nd4 21. Nxd4 Qxd4 22. Qf2 Qxf2 23. Rxf2 Re6 24. Re2 Rbe8 25. Bf3 f5 26. Kg3 Kf8 27. Rde1 bxc4 28. bxc4 g6 29. Rb1 Ba8 $1 30. Rb6 a5 31. Ra6 fxe4 32. Rxa5 Bb7 (32... Kf7 {keeps more tension.} 33. f5 Re5 34. dxe4 Bxe4 35. fxg6+ hxg6 36. Ra7+ Kf6) 33. dxe4 (33. Ra7 {seems wilder.} exf3 34. Rxe6 Rxe6 35. Rxb7 Re3 36. Rxh7 Rxd3 37. a4) 33... Bxe4 {The position is equal.} 34. Ra7 Bxf3 35. Rxe6 Rxe6 36. Kxf3 $11 {[%mdl 4096] [#] Endgame Hoping for a4. KR-KR} Re1 $1 37. Rxh7 Rc1 38. Rd7 Rxc4 39. Rxd6 Kg7 40. Ra6 Rc3+ 41. Kg4 c4 42. a4 Ra3 43. h4 Ra1 44. a5 c3 {Accuracy: White = 64%, Black = 61%.} 1/2-1/2

[Event "FIDE Chesscom Grand Swiss 2019"]
[Site "Douglas-Isle of Man"]
[Date "2019.10.20"]
[Round "10.10"]
[White "Sarana, Alexey"]
[Black "Vovk, Andriy"]
[Result "1-0"]
[WhiteElo "2655"]
[BlackElo "2618"]
[Annotator "ChessBase"]
[PlyCount "73"]
[EventDate "2019.10.10"]
[EventType "swiss"]
[EventCountry "GBR"]
[SourceTitle "playchess.com"]
[Source "ChessBase"]
[SourceQuality "1"]
[TimeControl "40/6000+30:20/3000+30:900+30"]

1. e4 {[%emt 0:00:00]} c5 {[%emt 0:01:36]} 2. Nf3 {[%emt 0:00:00]} Nc6 {[%emt 0:00:17]} 3. d4 {[%emt 0:00:00]} cxd4 {[%emt 0:00:06]} 4. Nxd4 {[%emt 0:00:00]} Nf6 {[%emt 0:00:06]} 5. Nc3 {[%emt 0:00:00]} d6 {[%emt 0:00:05]} 6. Bg5 {[%emt 0:00:01]} e6 {[%emt 0:00:39]} 7. Qd3 {[%emt 0:00:07]} a6 {[%emt 0:14:20]} 8. Nxc6 {[%emt 0:00:11]} bxc6 {[%emt 0:00:09]} 9. O-O-O {[%emt 0:00:06]} Be7 {[%emt 0:03:09]} 10. Qg3 {[%emt 0:16:20]} e5 {[%emt 0:11:48]} 11. Bc4 {[%emt 0:06:49]} h6 {[%emt 0:06:53]} 12. Bd2 {[%emt 0:06:13]} g5 {[%emt 0:19:19]} 13. h4 {[%emt 0:05:25]} g4 {[%emt 0:00:41]} 14. f4 {[%emt 0:04:30]} gxf3 {[%emt 0:05:14]} 15. gxf3 {[%emt 0:02:23]} Rg8 {[%emt 0:05:00]} 16. Qf2 {[%emt 0:00:14]} Bf8 {[%emt 0:00:09]} 17. Be3 {[%emt 0:05:31]} Be6 {[%emt 0:01:40]} 18. Qe2 {[%emt 0:03:25]} Qc8 {[%emt 0:06:08]} 19. Bxe6 {[%emt 0:04:06]} Qxe6 {[%emt 0:00:51]} 20. f4 {[%emt 0:00:02]} exf4 {[%emt 0:01:37]} 21. Bxf4 {[%emt 0:00:03]} Nd7 {[%emt 0:10:30]} 22. Rhf1 {[%emt 0:02:34]} a5 {[%emt 0:03:28]} 23. Qd2 {[%emt 0:03:13]} Rg6 {[%emt 0:01:36]} 24. h5 {[%emt 0:03:19]} Rf6 {[%emt 0:00:05]} 25. Rg1 {[%emt 0:00:10]} Ne5 {[%emt 0:01:24]} 26. Rg8 {[%emt 0:02:37]} Nc4 {[%emt 0:00:47]} 27. Qh2 {[%emt 0:00:52]} a4 {[%emt 0:01:31]} 28. Qg3 {[%emt 0:02:27]} a3 {[%emt 0:02:08]} 29. b3 {[%emt 0:00:03]} Ne5 {[%emt 0:00:20]} 30. Ne2 {[%emt 0:01:33]} Nd7 {[%emt 0:06:59]} 31. Nd4 {[%emt 0:01:38]} Qxe4 {[%emt 0:00:07]} 32. Re1 {[%emt 0:00:05]} Rxf4 {[%emt 0:00:06]} 33. Rxe4+ {[%emt 0:00:13]} Rxe4 {[%emt 0:00:05]} 34. Qxd6 {[%emt 0:00:17]} Rc8 {[%emt 0:04:50]} 35. Nf5 {[%emt 0:00:12]} f6 {[%emt 0:00:05]} 36. Rh8 {[%emt 0:00:34]} Rd8 {[%emt 0:03:03]} 37. Rxf8+ {[%emt 0:00:09]} 1-0

[Event "FIDE Chesscom Grand Swiss 2019"]
[Site "Douglas-Isle of Man"]
[Date "2019.10.20"]
[Round "10.11"]
[White "Svidler, Peter"]
[Black "Kovalev, Vladislav"]
[Result "1/2-1/2"]
[WhiteElo "2729"]
[BlackElo "2661"]
[Annotator "TA"]
[PlyCount "67"]
[EventDate "2019.10.10"]
[EventType "swiss"]
[EventCountry "GBR"]
[SourceTitle "playchess.com"]
[Source "ChessBase"]
[SourceQuality "1"]

{[%evp 22,67,32,18,18,18,18,18,23,20,33,39,39,34,34,33,26,5,8,0,0,0,0,0,7,0,12,11,12,5,15,19,25,25,40,40,40,40,40,40,40,40,40,40,40,40,54,56]} 1. e4 e5 2. Nf3 Nc6 3. Bb5 a6 4. Ba4 Nf6 5. O-O Be7 6. Re1 b5 7. Bb3 d6 8. c3 O-O 9. h3 Nb8 10. d4 Nbd7 11. c4 c6 12. Nc3 {[%cal Bb1c3,Bc3a4,Ba4b2,Bb2d3][%mdl 32]} b4 {C95: Closed Ruy Lopez: Breyer Variation with 10 d4} 13. Na4 c5 14. d5 Re8 {The position is equal.} (14... Ne8 15. Bc2 g6 16. Bh6 Ng7 17. b3 f5 18. exf5 gxf5 19. Qd2 e4 20. Ng5 {0-1 (32) Alekseenko,K (2644)-Hammer,J (2650) chess.com INT 2019}) 15. Bc2 Qc7 16. a3 a5 17. b3 Nf8 18. Nb2 Bd7 19. Be3 Ng6 20. Qd2 $146 ({Predecessor:} 20. Ra2) 20... h6 21. Kh1 Nh7 22. Nd3 Qd8 (22... Nf6 {keeps more tension.} 23. Nc1 Nh7 24. Ne2 Reb8 25. a4 Nh4) 23. Nc1 (23. Kg1 {seems wilder.} Qc7 24. Qe2 Reb8 25. Ra2 Qc8 26. Rea1) 23... Nh4 24. Nxh4 Bxh4 25. Ne2 Bg5 26. Ra2 Bxe3 27. Qxe3 Qg5 28. Qxg5 {White is slightly better.} hxg5 29. Rea1 {Hoping for axb4.} Rad8 $1 30. axb4 axb4 31. Ng3 g6 32. Nf1 Kf8 33. Ne3 Nf6 34. Ra7 {Accuracy: White = 73%, Black = 53%.} 1/2-1/2